[Event "Brandenburg Seniors op 16th"]
[Site "Rowy"]
[Date "2007.06.20"]
[Round "3"]
[White "Niezgoda, Boleslaw"]
[Black "Meller, Hans"]
[Result "1-0"]
[WhiteElo "1895"]
[BlackElo "1428"]
[PlyCount "100"]
[EventDate "2007.06.18"]
[EventType "swiss"]
[EventRounds "9"]
[EventCountry "POL"]
[SourceTitle "EXT 2011"]
[Source "ChessBase"]
[SourceDate "2010.11.26"]
[SourceVersion "1"]
[SourceVersionDate "2010.11.26"]
[SourceQuality "1"]

1. d4 Nf6 2. c4 g6 3. Nc3 Bg7 4. e4 d6 5. Bd3 0-0 6. Nge2 e5 7. d5 Nbd7 8. Bg5 c6 9. 0-0 Qc7 10. Rc1 a5 11. Na4 c5 12. f4 h6 13. Bh4 Ng4 14. Qd2 exf4 15. Qxf4 Nge5 16. Qe3 Nxd3 17. Qxd3 Ne5 18. Qc2 b6 19. Bg3 Ng4 20. Qd2 Bd7 21. Nac3 Kh7 22. h3 Ne5 23. b3 Rab8 24. a4 Qd8 25. Bf4 Qe7 26. Nd1 f6 27. Nf2 h5 28. Qd1 Qe8 29. Ng3 Rg8 30. Nd3 Rf8 31. Rc2 Rd8 32. Rcf2 Qe7 33. Qd2 h4 34. Ne2 g5 35. Nxe5 dxe5 36. Bh2 Qd6 37. Qc3 Kh6 38. Qe3 Kg6 39. g4 Rde8 40. Kh1 Bc8 41. Nc3 Bd7 42. Qf3 Kh6 43. Nd1 Bc8 44. Ne3 Bd7 45. Qg2 Bc8 46. Nf5+ Bxf5 47. gxf5 Qe7 48. Qf3 Rd8 49. Qe3 Qe8 50. Rg2 Kh7 1-0

[Event "Rowy Jantar op"]
[Site "Rowy"]
[Date "2005.06.20"]
[Round "1"]
[White "Meller, Hans"]
[Black "Ollek, Karl Heinz"]
[Result "1/2-1/2"]
[WhiteElo "1483"]
[BlackElo "1807"]
[PlyCount "45"]
[EventDate "2005.06.20"]
[EventType "swiss"]
[EventRounds "9"]
[EventCountry "POL"]
[SourceTitle "EXT 2007"]
[Source "ChessBase"]
[SourceDate "2006.11.23"]
[SourceVersion "1"]
[SourceVersionDate "2006.11.23"]
[SourceQuality "1"]

1. e4 c5 2. Nf3 Nc6 3. d4 cxd4 4. Nxd4 Nf6 5. Nc3 d6 6. Be2 e6 7. 0-0 Be7 8. Be3 Bd7 9. h3 a6 10. Qd2 0-0 11. Rad1 b5 12. a3 Rc8 13. f4 Na5 14. g4 Rxc3 15. Qxc3 Nxe4 16. Qe1 Bh4 17. Qb4 d5 18. Bd3 Nc4 19. Bc1 a5 20. Qb3 Nc5 21. Qa2 Qc7 22. b3 Nd6 23. Nf3 1/2-1/2

[Event "Brandenburg Seniors op 13th"]
[Site "Rowy"]
[Date "2004.06.27"]
[Round "6"]
[White "Buchholz, Karl Heinz"]
[Black "Meller, Hans"]
[Result "1-0"]
[WhiteElo "1837"]
[BlackElo "1524"]
[PlyCount "73"]
[EventDate "2004.06.21"]
[EventType "swiss"]
[EventRounds "9"]
[EventCountry "POL"]
[SourceTitle "EXT 2006"]
[Source "ChessBase"]
[SourceDate "2005.11.24"]
[SourceVersion "1"]
[SourceVersionDate "2005.11.24"]
[SourceQuality "1"]

1. d4 Nf6 2. c4 g6 3. Nc3 Bg7 4. e4 d6 5. Be2 0-0 6. Nf3 Nbd7 7. 0-0 e5 8. Be3 c5 9. dxe5 dxe5 10. Qc2 a6 11. Rad1 Qc7 12. Nd5 Nxd5 13. Rxd5 f5 14. exf5 gxf5 15. Ng5 Rf6 16. f3 h6 17. Nh3 f4 18. Bc1 Nb6 19. Rd2 Bxh3 20. gxh3 Rd6 21. Rxd6 Qxd6 22. Bd3 Qd4+ 23. Kh1 Qd7 24. Bf5 Qe7 25. b3 Rd8 26. Rd1 Rf8 27. Be4 Kh8 28. Qg2 Qf7 29. Qg4 Bf6 30. Rd6 Rg8 31. Qf5 Rf8 32. Rxb6 Bg5 33. Qxf7 Rxf7 34. Bxb7 Rd7 35. Bd5 e4 36. Bb2+ Kh7 37. fxe4 1-0

[Event "Brandenburg Seniors op 12th"]
[Site "Rowy"]
[Date "2003.06.21"]
[Round "5"]
[White "Groeling, Juergen"]
[Black "Meller, Hans"]
[Result "1-0"]
[WhiteElo "1925"]
[BlackElo "1535"]
[PlyCount "67"]
[EventDate "2003.06.??"]
[EventType "swiss"]
[EventRounds "9"]
[EventCountry "POL"]
[SourceTitle "EXT 2006"]
[Source "ChessBase"]
[SourceDate "2005.11.24"]
[SourceVersion "1"]
[SourceVersionDate "2005.11.24"]
[SourceQuality "1"]

1. c4 Nf6 2. d4 g6 3. g3 Bg7 4. Bg2 c6 5. e4 d6 6. Nc3 0-0 7. Nge2 Nbd7 8. 0-0 e5 9. h3 a6 10. a4 Qc7 11. Bg5 Rb8 12. Qd2 b5 13. axb5 axb5 14. cxb5 cxb5 15. Rfc1 Qb6 16. Be3 Qd8 17. b3 Qe7 18. Bg5 Qe8 19. dxe5 dxe5 20. Be3 Qe6 21. Ra5 b4 22. Nd5 Nxd5 23. exd5 Qe8 24. Rc4 Qd8 25. Ra4 f5 26. Rcxb4 Rxb4 27. Qxb4 Qf6 28. d6 g5 29. f4 gxf4 30. gxf4 Qg6 31. Ra8 Qe8 32. Kf2 Qh5 33. Qc4+ Kh8 34. Rxc8 1-0

[Event "Brandenburg Seniors op 12th"]
[Site "Rowy"]
[Date "2003.06.20"]
[Round "4"]
[White "Meller, Hans"]
[Black "Karolak, Jan"]
[Result "1-0"]
[WhiteElo "1535"]
[BlackElo "1800"]
[PlyCount "58"]
[EventDate "2003.06.??"]
[EventType "swiss"]
[EventRounds "9"]
[EventCountry "POL"]
[SourceTitle "EXT 2006"]
[Source "ChessBase"]
[SourceDate "2005.11.24"]
[SourceVersion "1"]
[SourceVersionDate "2005.11.24"]
[SourceQuality "1"]

1. e4 Nf6 2. e5 Nd5 3. c4 Nb6 4. d4 d6 5. exd6 exd6 6. Nc3 Nc6 7. Nf3 Bg4 8. Be3 g6 9. h3 Bf5 10. a3 Bg7 11. Qd2 Na5 12. Qd1 0-0 13. b3 c5 14. Rc1 Re8 15. Be2 Rxe3 16. fxe3 Bh6 17. e4 Bd7 18. Rb1 Be3 19. Qd3 cxd4 20. Nxd4 Qh4+ 21. Kd1 Bf4 22. Bf3 Nc6 23. Nce2 Ne5 24. Qc2 Nxf3 25. gxf3 Qf2 26. Nxf4 Qxf3+ 27. Kd2 Qxf4+ 28. Ke2 Re8 29. Rbf1 Qh4 1-0

[Event "Brandenburg Seniors op 12th"]
[Site "Rowy"]
[Date "2003.06.19"]
[Round "3"]
[White "Zasztowt, Janusz"]
[Black "Meller, Hans"]
[Result "1/2-1/2"]
[WhiteElo "1800"]
[BlackElo "1535"]
[PlyCount "54"]
[EventDate "2003.06.??"]
[EventType "swiss"]
[EventRounds "9"]
[EventCountry "POL"]
[SourceTitle "EXT 2006"]
[Source "ChessBase"]
[SourceDate "2005.11.24"]
[SourceVersion "1"]
[SourceVersionDate "2005.11.24"]
[SourceQuality "1"]

1. e4 c5 2. c3 d5 3. e5 e6 4. d4 Bd7 5. Bd3 Nc6 6. Ne2 cxd4 7. cxd4 a6 8. Nbc3 b5 9. a3 Qc7 10. Qc2 h6 11. b4 Rc8 12. Bd2 Qa7 13. Qb2 Be7 14. Nd1 h5 15. Be3 h4 16. h3 Qc7 17. f4 Nh6 18. Bf2 Qd8 19. Ne3 g6 20. 0-0 Nf5 21. Nxf5 gxf5 22. Kh2 Kf8 23. Ng1 Na7 24. Nf3 Rc7 25. Rfc1 Rxc1 26. Rxc1 Nc8 27. Qc3 Nb6 1/2-1/2

[Event "Brandenburg Seniors op 12th"]
[Site "Rowy"]
[Date "2003.06.17"]
[Round "1"]
[White "Meller, Hans"]
[Black "Schueler, Wolfgang"]
[Result "0-1"]
[WhiteElo "1535"]
[BlackElo "2072"]
[PlyCount "48"]
[EventDate "2003.06.??"]
[EventType "swiss"]
[EventRounds "9"]
[EventCountry "POL"]
[SourceTitle "EXT 2006"]
[Source "ChessBase"]
[SourceDate "2005.11.24"]
[SourceVersion "1"]
[SourceVersionDate "2005.11.24"]
[SourceQuality "1"]

1. e4 e5 2. Nf3 Nc6 3. Bb5 a6 4. Bxc6 dxc6 5. 0-0 Bg4 6. Re1 Qf6 7. Re3 0-0-0 8. h3 Bh5 9. a3 Bc5 10. Rb3 h6 11. Qe1 g5 12. Nh2 Qe7 13. g4 Bg6 14. Rf3 h5 15. b4 Bb6 16. Bb2 Nf6 17. d3 hxg4 18. Nxg4 Nxg4 19. hxg4 Rh4 20. Qd2 Rxg4+ 21. Kf1 Rh8 22. c4 Rh1+ 23. Ke2 Bh5 24. c5 Rf4 0-1

[Event "Brandenburg Seniors op 11th"]
[Site "Rowy"]
[Date "2002.06.24"]
[Round "7"]
[White "Bergmann, Hans Dieter"]
[Black "Meller, Hans"]
[Result "0-1"]
[WhiteElo "1518"]
[BlackElo "1578"]
[PlyCount "106"]
[EventDate "2002.06.??"]
[EventType "swiss"]
[EventRounds "7"]
[EventCountry "POL"]
[SourceTitle "EXT 2006"]
[Source "ChessBase"]
[SourceDate "2005.11.24"]
[SourceVersion "1"]
[SourceVersionDate "2005.11.24"]
[SourceQuality "1"]

1. e4 c5 2. Nf3 d6 3. d4 cxd4 4. Nxd4 Nf6 5. Nc3 a6 6. Be3 e6 7. g4 h6 8. f3 Be7 9. Qd2 Nh7 10. 0-0-0 Nc6 11. Nde2 Ne5 12. Bg2 Nc4 13. Qd4 Nxe3 14. Qxe3 Qc7 15. f4 Rb8 16. h4 b5 17. b3 Bd7 18. f5 b4 19. fxe6 Bxe6 20. Nd5 Bxd5 21. exd5 0-0 22. Nd4 Rfe8 23. Qd3 Qa5 24. Kb1 Qa3 25. g5 hxg5 26. hxg5 Nxg5 27. Rh2 g6 28. Rdh1 Kg7 29. Qd2 Bf6 30. Rf1 Rh8 31. Rxf6 Kxf6 32. Qf4+ Kg7 33. Rxh8 Kxh8 34. Qxg5 Re8 35. Qh4+ Kg8 36. Qg3 Qa5 37. Nf5 Qc5 38. Bf1 Qxd5 39. Bd3 Qh1+ 40. Kb2 Re1 41. Nh6+ Kh7 42. c4 Kxh6 43. Qf4+ Kg7 44. Qd4+ Kg8 45. Qxd6 Qg2+ 46. Bc2 Re2 47. Qd8+ Kh7 48. Qh4+ Kg7 49. Qd4+ Kf8 50. Qd8+ Re8 51. Qd6+ Kg8 52. Qxb4 Qe2 53. Qb6 Qe5+ 0-1

[Event "Brandenburg-ch Seniors 09th"]
[Site "Rowy"]
[Date "2001.06.19"]
[Round "2"]
[White "Serowy, Reinhold"]
[Black "Meller, Hans"]
[Result "0-1"]
[WhiteElo "1193"]
[BlackElo "1624"]
[PlyCount "86"]
[EventDate "2001.06.??"]
[EventType "swiss"]
[EventRounds "7"]
[EventCountry "POL"]
[SourceTitle "EXT 2006"]
[Source "ChessBase"]
[SourceDate "2005.11.24"]
[SourceVersion "1"]
[SourceVersionDate "2005.11.24"]
[SourceQuality "1"]

1. d3 Nf6 2. c3 d6 3. Nf3 e5 4. e4 Nbd7 5. Bg5 Be7 6. Nbd2 h6 7. Be3 Ng4 8. Qe2 Nxe3 9. Qxe3 Nf6 10. h3 c6 11. b4 a6 12. d4 Qc7 13. Bd3 b5 14. 0-0 Be6 15. a4 0-0 16. a5 Rfd8 17. Rac1 Rac8 18. c4 Qb8 19. Nb3 Bd7 20. Qd2 exd4 21. Nfxd4 c5 22. Ne2 Bc6 23. Ng3 Bf8 24. cxb5 Bxb5 25. bxc5 dxc5 26. Rc3 c4 27. Nc1 Bb4 28. Nf5 Rxd3 29. Nxd3 Bxc3 30. Qxc3 Re8 31. e5 Ne4 32. Qd4 cxd3 33. e6 Nf6 34. Nxh6+ gxh6 35. Qxf6 Rxe6 36. Qf3 Qe5 37. Rc1 Rf6 38. Rc8+ Kg7 39. Qg4+ Qg5 40. Qd4 Qf5 41. Rc5 Qf4 42. Qxf4 Rxf4 43. Kf1 d2+ 0-1

[Event "Brandenburg Seniors op 08th"]
[Site "Uckley"]
[Date "1999.09.24"]
[Round "7"]
[White "Meller, Hans"]
[Black "Kusche, Dieter"]
[Result "1/2-1/2"]
[WhiteElo "1551"]
[BlackElo "1619"]
[PlyCount "69"]
[EventDate "1999.09.??"]
[EventType "swiss"]
[EventRounds "7"]
[EventCountry "GER"]
[SourceTitle "EXT 2006"]
[Source "ChessBase"]
[SourceDate "2005.11.24"]
[SourceVersion "1"]
[SourceVersionDate "2005.11.24"]
[SourceQuality "1"]

1. e4 c5 2. Nf3 d6 3. d4 cxd4 4. Nxd4 Nf6 5. Nc3 a6 6. Be2 e6 7. 0-0 Qc7 8. Be3 Be7 9. Qd2 0-0 10. f4 b5 11. a3 Bb7 12. Bd3 Nbd7 13. h3 Nc5 14. Qe2 Ncxe4 15. Nxe4 Nxe4 16. Bxe4 Bxe4 17. Rac1 Qb7 18. Nf3 h6 19. Qf2 Rac8 20. c3 Bxf3 21. Qxf3 Qxf3 22. Rxf3 Bf6 23. Rd1 d5 24. g4 Rfd8 25. g5 hxg5 26. fxg5 Be5 27. Rdf1 Rd7 28. Rd1 Rc4 29. Bf2 g6 30. Rfd3 Bg7 31. Kf1 Kf8 32. Kg2 Be5 33. Re1 Bg7 34. Red1 Ke7 35. Be1 1/2-1/2

[Event "Brandenburg Seniors op 08th"]
[Site "Uckley"]
[Date "1999.09.22"]
[Round "4"]
[White "Meller, Hans"]
[Black "Brandt, Fred"]
[Result "0-1"]
[WhiteElo "1551"]
[BlackElo "1745"]
[PlyCount "102"]
[EventDate "1999.09.??"]
[EventType "swiss"]
[EventRounds "7"]
[EventCountry "GER"]
[SourceTitle "EXT 2006"]
[Source "ChessBase"]
[SourceDate "2005.11.24"]
[SourceVersion "1"]
[SourceVersionDate "2005.11.24"]
[SourceQuality "1"]

1. e4 e5 2. Nf3 Nf6 3. Nxe5 d6 4. Nf3 Nxe4 5. d4 d5 6. a3 Bd6 7. Bd3 Bg4 8. 0-0 0-0 9. h3 Bh5 10. Re1 Re8 11. Be3 Nd7 12. Nc3 c6 13. Be2 Bc7 14. Nxe4 dxe4 15. Nd2 Bg6 16. Bc4 Nf6 17. Bg5 Qd6 18. Nf1 h6 19. Be3 Qd7 20. Be2 Nd5 21. Qd2 Rad8 22. c4 Nf6 23. Rad1 Qd6 24. Qc3 Qe6 25. b4 Rc8 26. Qb2 Rcd8 27. Qc2 Rc8 28. Qb2 a6 29. Qa2 Red8 30. Qb2 Rd7 31. Qc3 Qe7 32. Qd2 Rcd8 33. Qc1 Bb6 34. Qc3 Kh7 35. Rd2 Nh5 36. g4 Nf6 37. h4 Qd6 38. h5 Nxg4 39. hxg6+ Qxg6 40. Ng3 Bc7 41. Bxh6 Nxh6 42. Red1 Nf5 43. Bh5 Qg5 44. Bxf7 Rxf7 45. Kg2 e3 46. Re2 Bxg3 47. Rh1+ Bh4+ 48. Kf1 Ng3+ 49. Ke1 Nxh1 50. Qd3+ g6 51. Kd1 Nxf2+ 0-1

[Event "GER-ch Seniors 07th"]
[Site "Oldenburg"]
[Date "1995.??.??"]
[Round "9"]
[White "Ludwig, Ines"]
[Black "Meller, Hans"]
[Result "1-0"]
[WhiteElo "1687"]
[BlackElo "2760"]
[PlyCount "72"]
[EventDate "1995.08.24"]
[EventType "swiss"]
[EventRounds "9"]
[EventCountry "GER"]
[SourceTitle "EXT 2022"]
[Source "ChessBase"]
[SourceDate "2021.10.06"]
[SourceVersion "1"]
[SourceVersionDate "2021.10.06"]
[SourceQuality "1"]

1. d4 Nf6 2. e3 g6 3. Bd3 Bg7 4. c3 0-0 5. f4 d6 6. e4 Nbd7 7. Nf3 c6 8. e5 dxe5 9. fxe5 Nd5 10. 0-0 e6 11. Nbd2 Ne3 12. Qe1 Nxf1 13. Qxf1 c5 14. Ne4 cxd4 15. cxd4 Qb6 16. Qf2 f6 17. Be3 Qd8 18. exf6 Nxf6 19. h3 Nxe4 20. Bxe4 Rb8 21. Qg3 Ra8 22. Rc1 Qb6 23. b3 Bd7 24. Ne5 Bxe5 25. Qxe5 Qb5 26. d5 Rac8 27. Ra1 Rf7 28. Bd4 Kf8 29. Qd6+ Ke8 30. dxe6 Re7 31. exd7+ Qxd7 32. Qxd7+ Rxd7 33. Bxa7 Re7 34. Bd5 Rd8 35. Bc4 Rd2 36. a4 h5 1-0